Alice no país das maravilhas (Registo nº 1135)

Detalhes MARC
000 -Etiqueta do registo
Cabeçalho 00999nam a2200313 i 4500
005 - Identificador da versão
Campo de controlo 20240813121826.0
010 ## - Número internacional normalizado dos livros (ISBN)
Número (ISBN) 8497897552
021 ## - Número do Depósito Legal
Código do país ES
Número B-41275-04
100 ## - Dados gerais de processamento
Dados gerais de processamento 20051028d2004 m y0pory5003 ba
102 ## - Pais de publicação ou produção
País de publicação Portugal
101 1# - Língua de publicação
Língua do texto, banda sonora, etc. Português
Língua do documento no original Inglês
106 ## - Campo de dados codificados: material textual
Dados codificados do material textual r
105 ## - Campo de dados codificados: livros
Dados codificados dos livros y z 001ay
215 ## - Descrição física 
Indicação específica da natureza do documento e extensão da espécie 109 p.
Dimensões 23 cm
200 1# - Titulo e menção de responsabilidade
Título próprio Alice no país das maravilhas
Primeira menção de responsabilidade Lewis Carroll
Outras menções de responsabilidade trad. Maria das Mercês, Maria Isabel de Mendonça Soares
225 2# - Colecção 
Título próprio da colecção Geração Público
Indicação de volume 23
210 ## - Publicação, Distribuição, etc. 
Lugar da edição, distribuição, etc. Porto
Nome do editor, distribuidor, etc. Público Comunicação Social
Data da publicação, distribuição, etc. D.L. 2004
304 ## - Notas relativas a título e menção de responsabilidade 
Texto da nota Tít. orig.: Alice's adventures in wonderland
675 ## - Classificação Decimal Universal (CDU)
Notação 087.5
Edição BN
Língua da edição por
Notação 821.111-93"18"
Edição BN
Língua da edição por
Notação 821.111-311.3"18"
Edição BN
Língua da edição por
702 #1 - Nome de autor-pessoa física (responsabilidade secundária)
Número de registo de entrada de autoridade 0001545
Palavra de ordem Mercês
Outra parte do nome não tomada para palavra de ordem Maria das
Código de função Tradutor
Número de registo de entrada de autoridade 0000704
Palavra de ordem Soares
Outra parte do nome não tomada para palavra de ordem Maria Isabel de Mendonça
Datas 1922-
Código de função Tradutor
700 #1 - Nome de autor-pessoa física (responsabilidade principal)
Número de registo de entrada de autoridade 0001544
Palavra de ordem Carroll
Outra parte do nome não tomada para palavra de ordem Lewis
Elementos de identificação ou distinção pseud.
942 ## - Elementos de entrada adicionados (Koha)
Tipo de item no Koha Livro
Exemplares
Situação do levantamento Origin of item (home branch) (coded) Biblioteca de empréstimo Código de barras Cota Circulation type (not for loan) Tipo de documento Nota do exemplar Damaged status
  Biblioteca Escolar Eng. Nuno Mergulhão Biblioteca Escolar Eng. Nuno Mergulhão BENM2069 8EST CAR   Livro Sem mensagem